000 00640cam a22002411 4500
001 sa 63004879
003 DLC
005 20260227111952.0
008 891222s1963 ii 000 1 pano
010 _asa 63004879
025 _aPL480:I-Pu-288
035 _a(OCoLC)20816990
040 _aDLC
_cWaU
_dNSyU
_dDLC
042 _apremarc
050 0 0 _aPK2659.S46
_bM4
100 1 _aSingh, Gurbaksh,
_d1895-
245 1 0 _aMerī gulabadana,
_cGurabak̲h̲asha Siṅgha.
250 _a[Pahilī wāra.]
260 _aAmmritasara,
_bKastūrī Lāla
_c[1963]
300 _a164 p.
_c19 cm.
500 _aIn Panjabi.
500 _aShort stories.
999 _c55897
_d55897